000 00732nam a22002293a 4500
005 20240910064309.0
008 010517s1998 ag r 000 0 spa d
020 _a9507014802
035 _aUPN01000106319
049 _aCG
050 4 _aLB1025.3
_bP7.6
245 0 0 _aProcesos de enseñanza y aprendizaje /
_ccomp. Mario Carretero ; tr. Margarita Limón.
260 _aBuenos Aires :
_bAique,
_c1998.
300 _a146 p.
440 0 _aPsicología cognitiva y educación
534 _pTraducción de :
_tLearning and instruction
650 4 _aEnseñanza
_96215
650 4 _aAprendizaje
_92861
650 4 _aProceso enseñanza-aprendizaje
_942
700 1 _aCarretero Rodríguez, Mario,
_d1953-
_ecomp.
_932261
905 _aLibro
999 _c80232
_d80232